Seminario Internacional de Inteligencia. propositos y controles de la inteligencia en una democracia moderna (Registro nro. 69060)

Detalles MARC
000 -ENCABEZADO
Número de control [NR] 01082nam a22002297a 4500
005 - FECHA Y HORA DE LA ÚLTIMA TRANSACCIÓN
control field 20211111081956.0
008 - DE LONGITUD FIJA DE DATOS DE ELEMENTOS - INFORMACIÓN GENERAL
Elementos de longitud fija [NR] 130821s2010 ck gr spa
040 ## - FUENTE DE CATALOGACION [NR]
Agencia de catalogación original [NR] CO-BoUCM
Idioma de catalogación [NR] spa
Quien Cataloga Jose A. Gerena (modificó)
Quien Clasifica [Nuevo]
041 00 - CODIGO DE IDIOMA [R]
Código de idioma para texto/pista de sonido o título separado [R] Español
111 2# - ASIENTO PRINCIPAL--NOMBRE DE REUNION [NR]
Nombre de reunión o de jurisdicción como elemento de entrada [NR] Seminario Internacional de Inteligencia. propositos y controles de la inteligencia en una democracia moderna
Fecha de la reunión [NR] 2010 abr. 29-30
Lugar de la reunión [NR] Bogotá, Colombia)
9 (RLIN) 83380
240 1# - TITULO UNIFORME [NR]
Título uniforme [NR] <a href="Memorias">Memorias</a>
245 10 - MENCION DE TITULO [NR]
Título [NR] Seminario Internacional de Inteligencia. propositos y controles de la inteligencia en una democracia moderna
Mención de responsabilidad, etc. [NR] Departamento administrativo de seguridad
260 ## - PUBLICACION, DISTRIBUCION, ETC. (PIE DE IMPRENTA) [R]
Lugar de publicación, distribución, etc. [R] Bogotá (Colombia)
Nombre del editor, distribuidor, etc. [R] Imprenta Nacional
Fecha de publicación, distribución, etc. [R] Agosto de 2010
300 ## - DESCRIPCION FISICA [R]
Extensión [R] 86 páginas
650 04 - ASIENTO SECUNDARIO DE MATERIA - TERMINO TEMATICO [R]
Término temático o nombre geográfico como elemento de entrada [NR] Criminología
9 (RLIN) 12152
650 04 - ASIENTO SECUNDARIO DE MATERIA - TERMINO TEMATICO [R]
Término temático o nombre geográfico como elemento de entrada [NR] Prevención del delito
9 (RLIN) 22272
651 #4 - ASIENTO SECUNDARIO DE MATERIA - NOMBRE GEOGRAFICO [R]
Nombre geográfico [NR] Colombia
Geographic name following place entry element [OBSOLETE] Departamento Administrativo de Seguridad
Subdivisión de forma [R] Congresos, conferencias, etc.
9 (RLIN) 26606
690 #0 - ASUNTO AGREGADO LOCAL DE ENTRADA - TÉRMINO TEMÁTICO (OCLC, RLIN)
Acceso temático local Ciencia política
9 (RLIN) 340
710 1# - ASIENTO SECUNDARIO - NOMBRE CORPORATIVO [R]
Nombre corporativo o de jurisdicción como elemento de entrada [NR] Colombia.
Unidad subordinada [R] Departamento Administrativo de Seguridad
9 (RLIN) 83381
942 ## - ELEMENTOS DE ENTRADA AGREGADOS (KOHA)
Tipo de ítem principal el descrito en 300a Libro
Tema principal Ciencia política
Edición 1
Parte restante de la signatura top. S471m
Sistema de clasificación DEWEY
Clasificación 364.4
Existencias
Fecha de último préstamo Signatura topográfica Código de barras Última vez visto Ejemplar Price effective from Tipo de ítem Nota pública (OPAC) Perdido Sistema de clasificación Dañado No prestable Tipo de ítem específico Suprimido Ubicación habitual Ubicación actual Localización Fecha de creación Forma de adquisición Costo
12/12/2010 364.4 S471m 100109349 04/12/2025 Ej.2 03/02/2013 Libro Spot Criminología e Investigación Criminal   DEWEY     Libro   Claustro Claustro 3er piso 28/02/2010 Donación 26000.00